| 000 | 00635pam a2200205 a 4500 | ||
|---|---|---|---|
| 999 |
_c4366 _d4366 |
||
| 001 | 18634 | ||
| 003 | BD-DhUAP | ||
| 005 | 20201108161151.0 | ||
| 008 | 200308r19492011ii a b 000 0 eng | ||
| 020 | _a8121908159 | ||
| 040 |
_aDLC _cDLC _dBD-DhUAP _bEng |
||
| 082 | 0 | 0 |
_a539.1 MAT _223 |
| 100 | _aMathur, D. S. | ||
| 245 |
_aElements of properties of matter : _bwith typical numericals solved / _cD. S. Mathur. |
||
| 250 | _a1st ed. | ||
| 260 |
_aNew Delhi : _bShyam lal charitable trust, _cc1949 [Reprinted 2011]. |
||
| 300 |
_axi, 580 pages : _billustrations ; _c24 cm. |
||
| 650 |
_aPhysics. _vMatter -- Properties |
||
| 942 |
_2ddc _cBK |
||